Diccionario abreviado Oxford de las religiones del mundo

Guardat en:
Dades bibliogràfiques
Autor principal: Bowker, John (Autor)
Format: Llibre
Idioma:espanyol
Publicat: Barcelona Paidós Ibérica 2006
Matèries:
Etiquetes: Afegir etiqueta
Sense etiquetes, Sigues el primer a etiquetar aquest registre!

MARC

LEADER 00000cam a2200000 a 4500
001 UCG9603
003 CL-VaPUC
008 120323e20060000SP |||||||||||||||||spa|d
020 |a 8449318785 
082 0 4 |a 200.3  |b BOW  |2 21 
100 0 |a Bowker, John  |e author  |9 561233 
245 1 0 |a Diccionario abreviado Oxford de las religiones del mundo 
300 |a 814 p 
942 |c BK 
945 |d 20120323 00:00:00  |a dcastane 
260 |a Barcelona  |b Paidós Ibérica  |c 2006 
650 0 |a Religiones  |9 265211 
650 0 |a Diccionarios  |9 256200 
650 0 |a Glosarios  |9 261047 
583 |a last modification  |c 20120323 11:52:00  |k Rodrigo Vera 
999 |c 347149  |d 347147